000 00282nam a2200109Ia 4500
008 230627s9999 xx 000 0 und d
041 _amar
082 _a346.059
_bTAL
100 _aTalankar D. R.
245 _aBombay Public Trusts Act 1950
260 _aMumbai
_bKamal Law House
_c2005
999 _c687809
_d687809